| 000 | 01612nam a22002297a 4500 | ||
|---|---|---|---|
| 999 |
_c57201 _d57201 |
||
| 003 | Ge_BSU | ||
| 005 | 20200115115914.0 | ||
| 008 | 200115s2019 en ||||| |||| 00| 0 eng d | ||
| 020 | _a9789941305092 | ||
| 041 |
_aeng _hgeo |
||
| 080 | _a811.353.1'374+81'374.822=111=353.1 ი-54 | ||
| 245 |
_aინგლისურ- ქართული ლექსიკონი = ENGLISH-GEORGIAN LEARNER' S DICTIONARY : _bსასწავლო ლექსიკონი : 1-1106 A-Z ლექსიკონი / _cშემდგ : შუქია აფრიდონიძე ; ხათუნა გურული; ნათია კვერნაძე ; და სხვ ; რედ. თინათინ მარგალიტაძე. |
||
| 264 |
_aთბილისი : _bთბილისის სახელმწიფო უნ-ტი, _c2019. |
||
| 300 |
_a1106 გვ.: _c23 სმ. |
||
| 653 | _aინგლისურ -ქართული სასწავლო ლექსიკონი | ||
| 700 |
_aაფრიდონიძე, შუქია _91198 |
||
| 700 |
_aგურული, ხათუნა _96112 |
||
| 700 |
_aკვერნაძე, ნათია _96113 |
||
| 700 |
_aმარგალიტაძე, თინათინ _eრედაქტორი _96114 |
||
| 710 |
_eლექსიკოგრაფიის ცენტრი ივანე ჯავახიშვილის სახელობის თბილისის სახელმწიფო უნივერსიტეტი _96115 |
||
| 942 |
_2udc _cBK |
||